000 002470000a22000970004500
100 1 _aLittle, Edmund
245 1 0 _aThe Lord of the rings and the christian faith
300 _aVol. 19, Núm 3 (2001), Páginas 82-85
773 0 _tEvangel
942 _cANA
999 _c54413
_d54413